000 00319nam a22001337a 4500
008 181025b xxu||||| |||| 00| 0 eng d
020 _a0387541503
041 _aeng
080 _a610.073
100 _a2
101 _aINF
245 _aThe Lippincott Mnaual Of Nursing Practice
_cLippincott.k.p
942 _2udc
_cBK
999 _c50914
_d50914